[Event "Titled Tuesday intern op 2nd Febr"]
[Site "Chess.com INT"]
[Date "2019.02.05"]
[Round "2"]
[White "Walker, Jay"]
[Black "Wiewiora, Eneasz"]
[Result "1-0"]
[WhiteElo "2396"]
[BlackElo "2354"]
[PlyCount "115"]
[EventDate "2019.02.05"]
[EventType "swiss (blitz)"]
[EventRounds "10"]
[EventCountry "USA"]
[SourceTitle "EXT 2021"]
[Source "ChessBase"]
[SourceDate "2020.10.23"]
[SourceVersion "1"]
[SourceVersionDate "2020.10.23"]
[SourceQuality "1"]

1. e4 d6 2. d4 Nf6 3. Bd3 e5 4. c3 Nc6 5. Nf3 Bg4 6. dxe5 Nxe5 7. Be2 Nxf3+ 8. Bxf3 Bxf3 9. Qxf3 Be7 10. 0-0 0-0 11. Nd2 Re8 12. Re1 c6 13. Nc4 b5 14. Ne3 Bf8 15. Ng4 Nxg4 16. Qxg4 Qc8 17. Qxc8 Raxc8 18. Bf4 f6 19. Rad1 Re6 20. f3 Kf7 21. Kf1 g5 22. Be3 h5 23. Rd3 a5 24. Red1 a4 25. b3 axb3 26. axb3 Ra8 27. c4 bxc4 28. bxc4 c5 29. h3 Ra4 30. Rc1 h4 31. Ke2 Re7 32. Rb3 Ra2+ 33. Kf1 Rea7 34. Rbc3 Rb2 35. R3c2 Rb3 36. Rc3 Rb4 37. Bf2 Ra2 38. R3c2 Ra3 39. Rc3 Ra2 40. R3c2 Raa4 41. Be1 Rb7 42. Rd1 Be7 43. f4 Rb3 44. Ke2 Ke6 45. Rd3 Rb1 46. f5+ Kd7 47. Bf2 Kc6 48. Rd1 Rbb4 49. Rdc1 Bd8 50. g3 hxg3 51. Bxg3 Rb3 52. Rc3 Ra2+ 53. Kf3 Rbb2 54. Rd3 Be7 55. Rcd1 Rc2 56. Bxd6 Rf2+ 57. Kg4 Bd8 58. Bg3 1-0